000
00257nam a22001097a 4500
999
_c
4391
_d
4391
008
250213b ||||| |||| 00| 0 eng d
020
_a
9788119307098
082
_a
930
245
_a
ANCIENT CIVILISATIONS
260
_a
MUMBAI,INDIA
_b
A WILCO BOOK
942
_2
ddc